| 000 | 00445nam a22001697a 4500 | ||
|---|---|---|---|
| 003 | OSt | ||
| 005 | 20260128075122.0 | ||
| 008 | 260128b |||||||| |||| 00| 0 eng d | ||
| 020 | _a9781444706642 | ||
| 040 |
_aDWCL-Main Lib _cOC |
||
| 082 | _aFic. A425 2010 | ||
| 100 | _aAllen, Sarah Addison | ||
| 245 | _aThe girl who chased the moon | ||
| 260 |
_aLondon : _bHodder, _c c2010. |
||
| 300 |
_a261 pages. : _c17 cm. |
||
| 942 |
_2ddc _cFIC. _mFic. _n0 |
||
| 999 |
_c7911 _d7911 |
||